L'oeuvre de Balzac. Extraits

Wedi'i Gadw mewn:
Manylion Llyfryddiaeth
Prif Awdur: Cuenat, Pierre
Fformat: Llyfr
Iaith:Undetermined
Cyhoeddwyd: París, Francia Hachette 1955
Pynciau:
Tagiau: Ychwanegu Tag
Dim Tagiau, Byddwch y cyntaf i dagio'r cofnod hwn!

MARC

LEADER 00000nam a2200000Ia 4500
008 170316s9999 xx 000 0 und d
040 |a cru BVZT 
090 |a 840 C-15o 
100 |a Cuenat, Pierre 
245 |a L'oeuvre de Balzac. Extraits 
260 |a París, Francia 
260 |b Hachette 
260 |c 1955 
300 |a 128 páginas 
650 |a LITERATURA FRANCESA 
999 |c 7579  |d 7579 
942 |c 15 D  |h 840 C-15o  |2 z